000 00506nam a2200193Ia 4500
005 20250326124053.0
008 250326s9999 xx 000 0 und d
037 _aTextbook
040 _aFMSL
_beng
_cFMSL
041 _aeng
_2eng
084 _aX.1 L1
_qFMSL
100 _aKenen P B
245 0 _aInternational economics
_cKenen P B; Lubitz R
250 _a3
260 _aNew Delhi
_bNew Delhi, Prentice-Hall
_c1979
300 _a127p
942 _cTB
_hX.1 L1
999 _c1272142
_d1272142